000 003340000a22001450004500
003 MACL
040 _aMACL
090 _c5062
_d5061
100 _aSaha, Ramkrishna
245 _aLibrary Movement in India
260 _bBengal Library Association
_c1989
350 _a125
650 _aLibrary & Information Science
942 _cBOOK
_k020
999 _c5024
_d5024